| 000 | 00472nam a2200097Ia 4500 | ||
|---|---|---|---|
| 008 | 160725s9999 xx 000 0 und d | ||
| 100 | _aDiƱoso, Rommel B., Mendoza, Armando C., Jr. & Mendoza, Rodel C. | ||
| 245 | _aAutomation of the science laboratories of Southville International School and Colleges through the implementation of an inventory system. | ||
| 260 |
_bKaizen Research Journal College of Information Technology _cJanuary 2014 |
||
| 650 | _aINFORMATION TECHNOLOGY | ||
| 999 |
_c298009 _d298009 |
||